MARKET profile : United States of America
| Corporate Author: | |
|---|---|
| Format: | Book |
| Published: |
Kuala Lumpur :
Malaysian Timber Industry Board ,
2000
|
| Subjects: |
MARC
| LEADER | 00000cam a2200000 7i4500 | ||
|---|---|---|---|
| 001 | 0000001355 | ||
| 005 | 20010605.0 | ||
| 090 | 0 | 0 | |a 338.17490973 |b MAR 2000 |
| 245 | 0 | 0 | |a MARKET profile : |b United States of America |
| 260 | 0 | 0 | |a Kuala Lumpur : |b Malaysian Timber Industry Board , |c 2000 |
| 300 | |a xii, 166 p. ; |c 30 cm. | ||
| 650 | 0 | 0 | |a Timber industry and trade |z United States |
| 710 | 1 | 1 | |a Malaysian Timber Industry Board (MTIB) |
| 998 | |a JPSM | ||
| 999 | |a 0000000973 |b Monograph |c Open Shelf |e Default branch | ||